02961nam a22003857i 4500001000800000003001000008007000500018008004100023040003500064041000800099043000700107084000700114100003500121245012600156264001100282300006000293336002700353337003300380338002800413504004200441520163100483650002102114650001902135650002102154650001802175650002802193651002102221700002302242700002702265773007502292942000902367952017602376999001702552999000602569B-12618CO-BoFNCPt|| 090930s2008 my a f z eng d aCO-BoFNCPbspacCO-BoFNCPerda aeng amy aA-1 aCheng, S.941394,eautor.4aut10aTermite attack on oil palm grown on peat soil :bIdentification of pests species and factors contributing to the problem. 4c©2008 apáginas 659-670 :bTablas, gráficos, fotografías. atextobtxt2rdacontent asin mediaciónbn2rdamedia avolumenbnc2rdacarrier aIncluye referencias bibliográficas. aOil palm grown on peat soil has been reported to be severely attacked by subterranean termites, and this has been thought to be due to the harbouring of the termites in abundant timber residues left behind after the clearing of logged-over peat swamp forests for oil palm cultivation. In this study, oil palm trees and plant residues in plantations established on peat and mineral soils were examined for the presence of termites. The primary termite species capable of killing oil palm trees was Coptotermes curvignathus (Rhinotermitidae). Immature palms were killed as a result of feeding damage to the apical meristem at the base of the spear, while mature palms were killed as a result of damage to the trunk, in which the termite sometimes nested. C. curvignathus was rarely encountered in timber residues or frond heaps on the plantation floor, suggesting that removal of timber residues would not significantly reduce termite attack on oil palm on peat soils. Two other species of Coptotermes found in oil palm trees grown on peat soils were able to form small nests in the trunks of mature palms but did not cause death. Together with Schedorhinotermes spp., they primarily infested plant and wood residues. The results also showed that there was a change in the composition of termite species across different soil types. Termitids were dominant in mineral soil sites, while Rhinotermitids dominated deep peat sites. A high population of C. curvignathus in the original peat swamp habitat is, therefore, likely to be a major factor contributing to the high incidence of termite attack on oil palm grown on peat soils. 0aMalaysia933575. 0aPlagas.920581 0aTermitas931027. 0aTurba.927434 0aPalma de aceite937678. 0aMalaysia933575.1 aGurmit, S.941395.1 aKirton, L. G. 941396.0 aThe Planter (Malasia)gv. 84, no. 991 (2008), p.659-670wA-x0126-575x 2zc1 00102z4070a2b2d2013-10-21hThe Planter (Malasia). v. 84, no. 991 (2008), p.659-670. ST-A-, ISSN: 0126-575xl0oA-pR-12618r2013-10-21 00:00:00tEj. 1w2013-10-21y1 c26590d26590 z1